| 000 | 00364nam a2200145Ia 4500 | ||
|---|---|---|---|
| 008 | 190328s9999||||xx |||||||||||||| ||und|| | ||
| 020 | _a8171942164 | ||
| 082 |
_a343.043 _bBHA/I |
||
| 100 | _aBhargava, Amit | ||
| 245 | 0 | _aIncome Tax Rules 2000 | |
| 250 | _a35th Edition | ||
| 260 |
_aNew Delhi _bTexmann Publications _c2000 |
||
| 650 | _aTaxation Law | ||
| 942 | _cBK | ||
| 999 |
_c5794 _d5794 |
||